Gia công cơ khí

Na minha lista:
Detalhes bibliográficos
Autor principal: Nguyễn, Trọng Bình
Formato: Livro
Idioma:Undetermined
Publicado em: Hà Nội Khoa học Kỹ thuật 2005
Assuntos:
Tags: Adicionar Tag
Sem tags, seja o primeiro a adicionar uma tag!
Thư viện lưu trữ: Trung tâm Học liệu Trường Đại học Cần Thơ
LEADER 00565nam a2200193Ia 4500
001 CTU_95233
008 210402s9999 xx 000 0 und d
020 |c 32000 
082 |a 621.82 
082 |b B312/T.1 
100 |a Nguyễn, Trọng Bình 
245 0 |a Gia công cơ khí 
245 0 |c Nguyễn Trọng Bình, Lưu Quang Huy 
260 |a Hà Nội 
260 |b Khoa học Kỹ thuật 
260 |c 2005 
650 |a Machine parts,Mechanical engineering 
904 |i Mai Loan 
980 |a Trung tâm Học liệu Trường Đại học Cần Thơ